000 00507nam a2200133Ia 4500
008 200910s9999 xx 000 0 und d
020 _a978-074-94-9318-9
100 _aScarlett, Hilary
245 _cHilary Scarlett
_aNeuroscience for organizational change:
_ban evidence-based practical guide to managing change/
260 _aQuezon City:
_bC and E Publishing, Inc.
_c2019
300 _axii, 270 pages
_c23 cm.
650 _aOrganizational behavior
650 _aOrganizational change -- Psychological aspect
999 _c364169
_d364169